000 00496nam a2200193 a 4500
001 1766822905527
003 YourLibrary
005 20251227134052.0
008 251227s2002##################000#0#eng##
020 _a9780824707637
082 0 4 _a616.86
_bCHO
100 1 _aChow, Shein-Chung,
_eauthor.
245 1 0 _aStatistics in Drug Research :
260 _bCRC Press,
_c2002.
300 _a384 pages
650 0 _aMathematics.
942 _cENGLISH
040 _aYourLibrary
_beng
_cYourLibrary
999 _c605537
_d605537